00301 a2200097 450000500170000008200160001710000150003324500760004826000270012430000520015120250614085559.0 a658.787 TES aTESHA, C.  aModern inventory management and control manual: Teach yourself series.  aDar es Salaam, c1998. aix, 209p.: ill.; figure, graph, table. c20cm.